000 00378nam a2200157Ia 4500
008 230711s9999||||xx |||||||||||||| ||und||
041 _aENG
082 _a620.08
_bTH-M
100 _aThorpe,James F
245 0 _aMechanical system component
250 _a1st Ed.
260 _c1989
_aBoston
_bAllyn and Bacon
300 _a558
650 _aMechanical Engineering
942 _cBK
999 _c1688
_d1688